| 000 | 01156nas a2200325 4500 | ||
|---|---|---|---|
| 001 | BR8401704 | ||
| 003 | BR-BrBNA | ||
| 005 | 20231205085850.0 | ||
| 007 | ta | ||
| 008 | 230509b bl.|||p| |||| 00| 00por d | ||
| 040 |
_aBR-BrBNA _bpor _cBiblioteca Nacional de Agricultura |
||
| 041 | _a(Pt) | ||
| 072 | _aL10; L00 | ||
| 100 | 1 | _aRibas, N.P. | |
| 100 | 1 | _aMilagres, J.C. | |
| 100 | 1 | _aSilva, M. de A. e | |
| 100 | 1 | _aCastro, A.C.G. | |
| 110 | 1 | _aUniversidade Federal de Vicosa, MG (Brasil) | |
| 245 | 1 | _aEstudo de idade do primeiro parto e intervalo entre partos em rebanhos holandeses da Bacia leiteira de Castrolanda, estado do Parana [Brasil] | |
| 246 | 1 | _a[Study of age at first calving and calving intervals in a Holstein cattle from the dairy region of Castrolanda, state of Parana [Brazil]] | |
| 650 | _aGADO HOLANDES | ||
| 650 | _aLEITE | ||
| 650 | _aPARTO | ||
| 650 | _aBACIA LEITEIRA | ||
| 650 | _aCASTRO | ||
| 650 | _aPARANÁ | ||
| 773 | 0 |
_tRevista da Sociedade Brasileira de Zootecnia (Brazil) _xISSN 0100-4859 _g(1983), v. 12(4) p. 756-770 _wBR8401704 |
|
| 909 |
_a202311 _bLúcia _c55 _dLúcia Elande |
||
| 942 |
_2AGRIS _n0 _cANA |
||
| 999 |
_c114376 _d114376 |
||